000 00329nam a2200145 i 4500
001 bg
100 1 _aCWYNAR, Ludwik
245 0 _aRozruch kotłów parowych /
_cLudwik Cwynar.
260 _aWarszawa,
_c1978.
040 _cBPK
041 _apol
080 _a621.18
942 _cKS
008 s pl f |000 0 pol
999 _c17966
_d17966
856 _uhttp://koha.tu.koszalin.pl/cgi-bin/koha/opac-detail.pl?biblionumber=17966
_yKatalog online BPK